Movies Quiz

Random Movies or Box Office Quiz

Top Grossing 'E' Movies Quiz Stats

Quiz Updated Dec 27, 2017

Challenge
Share
Tweet
Score 0/21 Timer 05:00
5 Plays Today
# Movie % Correct
$792.9mE.T.: The Extra-Terrestrial
97.7%
$220.4mElf
95.9%
$217.0mThe Emoji Movie
84.9%
$274.5mThe Expendables
75.1%
$315.0mThe Expendables 2
70.8%
$340.5mEnchanted
68.4%
$256.3mErin Brockovich
63.4%
$203.4mEverest (2015)
62.4%
$441.3mThe Exorcist
54.9%
$249.5mEragon
53.5%
$214.7mThe Expendables 3
52.8%
# Movie % Correct
$286.1mElysium
51.1%
$204.6mEat Pray Love
48%
$370.5mEdge of Tomorrow
46.7%
$250.6mEnemy of the State
46.3%
$212.4mEntrapment
36.3%
$232.0mThe English Patient
32.8%
$242.3mEraser
32.3%
$212.0mEnd of Days
24.8%
$268.4mEpic
14.7%
$268.2mExodus: Gods and Kings
11.6%

You're not logged in!

Compare scores with friends on all Sporcle quizzes.
Join for Free
OR
Log In

You Might Also Like...

Show Comments

Extras

Top Quizzes Today


Score Distribution

Your Account Isn't Verified!

In order to create a playlist on Sporcle, you need to verify the email address you used during registration. Go to your Sporcle Settings to finish the process.

Report this User

Report this user for behavior that violates our Community Guidelines.

Details: